[Event "New Delhi Parsvnath op-A 16th"]
[Site "New Delhi"]
[Date "2018.01.10"]
[Round "2"]
[White "Lokesh, N."]
[Black "Nguyen, Duc Hoa"]
[Result "1/2-1/2"]
[WhiteElo "2200"]
[BlackElo "2490"]
[PlyCount "85"]
[EventDate "2018.01.09"]
[EventType "swiss"]
[EventRounds "10"]
[EventCountry "IND"]
[SourceTitle "CBM 182 Extra"]
[Source "ChessBase"]
[SourceDate "2018.02.23"]
[SourceVersion "1"]
[SourceVersionDate "2018.02.23"]
[SourceQuality "1"]

1. e4 c5 2. Nf3 Nc6 3. Nc3 e6 4. d4 cxd4 5. Nxd4 Qc7 6. Be2 a6 7. 0-0 Nf6 8. Kh1 d6 9. f4 Be7 10. Bf3 0-0 11. g4 Nd7 12. g5 Nxd4 13. Qxd4 b5 14. f5 Bb7 15. Bg2 Qd8 16. f6 gxf6 17. gxf6 Bxf6 18. Qxd6 Be5 19. Qd2 Rc8 20. Qf2 b4 21. Ne2 Rxc2 22. Bf4 Qc7 23. Bh6 Bg7 24. Bxg7 Kxg7 25. Rad1 f6 26. Nd4 Rxf2 27. Nxe6+ Kf7 28. Nxc7 Rxf1+ 29. Bxf1 Ne5 30. Nxa6 Bxe4+ 31. Bg2 Nd3 32. Rf1 Bxg2+ 33. Kxg2 Ra8 34. Rd1 Nf4+ 35. Kf3 Rxa6 36. Kxf4 Rxa2 37. Rd2 Ra5 38. Rd7+ Kg6 39. Rb7 Ra4 40. b3 Ra2 41. h3 Ra8 42. Kg3 h5 43. Kh4 1/2-1/2

[Event "Hyderabad op 1st"]
[Site "Hyderabad"]
[Date "2017.10.30"]
[Round "4"]
[White "Lokesh, N."]
[Black "Swayams, Mishra"]
[Result "0-1"]
[WhiteElo "2181"]
[BlackElo "2438"]
[PlyCount "102"]
[EventDate "2017.10.28"]
[EventType "swiss"]
[EventRounds "10"]
[EventCountry "IND"]
[SourceTitle "CBM 181 Extra"]
[Source "ChessBase"]
[SourceDate "2017.12.12"]
[SourceVersion "1"]
[SourceVersionDate "2017.12.12"]
[SourceQuality "1"]

1. e4 e5 2. Nf3 Nc6 3. Nc3 Nf6 4. d4 exd4 5. Nxd4 Bc5 6. Nb3 Bb6 7. Bd3 d6 8. 0-0 Be6 9. Na4 Nd7 10. Nxb6 axb6 11. Be3 Qf6 12. c3 Nde5 13. Bb5 Bc4 14. Bxc4 Nxc4 15. Bc1 0-0 16. Nd4 Nxd4 17. cxd4 Rfe8 18. b3 Na5 19. Re1 c5 20. Bb2 Nc6 21. Qd2 cxd4 22. a4 Qe6 23. b4 Qb3 24. b5 Qb4 25. Qc2 Ne5 26. Red1 d3 27. Qc3 Qxe4 28. Re1 Qg6 29. Re3 Rec8 30. Qd4 d2 31. Rd1 Rc2 32. Rg3 Qf6 33. Rxd2 Rxd2 34. Qxd2 Rxa4 35. Qc2 Ra8 36. h3 h5 37. Qd2 Ra4 38. Rd3 Qg6 39. Rg3 Qb1+ 40. Kh2 h4 41. Rg5 f6 42. Qd5+ Kh7 43. Rh5+ Kg6 44. Bxe5 dxe5 45. Rh8 Qf5 46. Qd1 Rd4 47. Qe2 Rf4 48. Qd1 Rc4 49. Qe2 Rc2 50. Qe3 Qxf2 51. Qe4+ f5 0-1

[Event "Puchong Friday IM 1st"]
[Site "Puchong"]
[Date "2017.10.11"]
[Round "9"]
[White "Nay, Oo Kyaw Tun"]
[Black "Lokesh, N."]
[Result "1-0"]
[WhiteElo "2344"]
[BlackElo "2181"]
[PlyCount "99"]
[EventDate "2017.10.07"]
[EventType "tourn"]
[EventRounds "9"]
[EventCountry "MAS"]
[EventCategory "2"]
[SourceTitle "CBM 181 Extra"]
[Source "ChessBase"]
[SourceDate "2017.12.12"]
[SourceVersion "1"]
[SourceVersionDate "2017.12.12"]
[SourceQuality "1"]

1. d4 Nf6 2. Nf3 e6 3. Nbd2 d5 4. e3 Bd6 5. Bd3 0-0 6. 0-0 c5 7. c3 Nc6 8. dxc5 Bxc5 9. e4 e5 10. exd5 Qxd5 11. Qc2 h6 12. Ne4 Nxe4 13. Bxe4 Qd6 14. Re1 Re8 15. Be3 Bg4 16. Rad1 Qe7 17. h3 Bxf3 18. Bxf3 Bxe3 19. Rxe3 Rad8 20. Bxc6 bxc6 21. Red3 Rxd3 22. Qxd3 e4 23. Qd7 e3 24. Qxe7 Rxe7 25. fxe3 Rxe3 26. Kf2 Re5 27. Rd8+ Kh7 28. Rd7 Ra5 29. a3 f5 30. Rc7 Rd5 31. Ke3 f4+ 32. Kxf4 Rd2 33. b4 Rxg2 34. Rxc6 Re2 35. Ra6 Rc2 36. Rxa7 Rxc3 37. h4 Kg6 38. Ra5 Rc4+ 39. Kg3 Rc3+ 40. Kf2 h5 41. b5 Rb3 42. a4 Kf6 43. Ke2 Rb4 44. Kd3 Ke6 45. Kc3 Rxh4 46. b6 Rh3+ 47. Kc4 Rh4+ 48. Kc5 Kd7 49. Ra7+ Kc8 50. a5 1-0

[Event "Puchong Friday IM 1st"]
[Site "Puchong"]
[Date "2017.10.09"]
[Round "6"]
[White "Lokesh, N."]
[Black "Kumar, Gaurav"]
[Result "1/2-1/2"]
[WhiteElo "2181"]
[BlackElo "2274"]
[PlyCount "61"]
[EventDate "2017.10.07"]
[EventType "tourn"]
[EventRounds "9"]
[EventCountry "MAS"]
[EventCategory "2"]
[SourceTitle "CBM 181 Extra"]
[Source "ChessBase"]
[SourceDate "2017.12.12"]
[SourceVersion "1"]
[SourceVersionDate "2017.12.12"]
[SourceQuality "1"]

1. e4 e5 2. Nf3 Nc6 3. Nc3 Nf6 4. Bb5 Bb4 5. 0-0 0-0 6. d3 Bxc3 7. bxc3 d6 8. Re1 Bg4 9. d4 exd4 10. cxd4 d5 11. Bg5 h6 12. Bxc6 bxc6 13. Bxf6 Qxf6 14. Re3 Rab8 15. Qd3 Bxf3 16. Rxf3 Qg6 17. exd5 Qxd3 18. Rxd3 cxd5 19. Rc3 Rb4 20. Rxc7 Rxd4 21. g3 Rc4 22. Rxc4 dxc4 23. Rb1 Rd8 24. Rb4 Rd1+ 25. Kg2 Ra1 26. Ra4 c3 27. Ra3 g5 28. Rxa7 Rc1 29. Rc7 Rxc2 30. a4 Kg7 31. a5 1/2-1/2

[Event "Puchong Friday IM 1st"]
[Site "Puchong"]
[Date "2017.10.08"]
[Round "3"]
[White "Lokesh, N."]
[Black "Sekar, B."]
[Result "1-0"]
[WhiteElo "2181"]
[BlackElo "2260"]
[PlyCount "49"]
[EventDate "2017.10.07"]
[EventType "tourn"]
[EventRounds "9"]
[EventCountry "MAS"]
[EventCategory "2"]
[SourceTitle "CBM 181 Extra"]
[Source "ChessBase"]
[SourceDate "2017.12.12"]
[SourceVersion "1"]
[SourceVersionDate "2017.12.12"]
[SourceQuality "1"]

1. e4 c5 2. Nf3 d6 3. d4 cxd4 4. Nxd4 Nf6 5. Nc3 a6 6. Be2 e5 7. Nf3 Be7 8. Bg5 Be6 9. Bxf6 Bxf6 10. Nd5 Nd7 11. 0-0 0-0 12. Bc4 Nc5 13. Re1 Rc8 14. a4 Nd7 15. Bb3 Be7 16. a5 Rc5 17. Qd2 Nf6 18. Nb6 Qc7 19. Bxe6 fxe6 20. b4 Rc3 21. Ng5 Rxc2 22. Qd1 Qc3 23. Nxe6 Rf7 24. Ng5 Rf8 25. Nd5 1-0

[Event "Chennai op 9th"]
[Site "Chennai"]
[Date "2017.01.19"]
[Round "3"]
[White "Divya, Deshmukh"]
[Black "Lokesh, N."]
[Result "0-1"]
[WhiteElo "1920"]
[BlackElo "2240"]
[PlyCount "98"]
[EventDate "2017.01.18"]
[EventType "swiss"]
[EventRounds "10"]
[EventCountry "IND"]
[SourceTitle "CBM 176 Extra"]
[Source "ChessBase"]
[SourceDate "2017.03.02"]
[SourceVersion "1"]
[SourceVersionDate "2017.03.02"]
[SourceQuality "1"]

1. e4 e5 2. Nf3 Nf6 3. Nxe5 d6 4. Nf3 Nxe4 5. Nc3 Nxc3 6. dxc3 Be7 7. Be3 0-0 8. Qd2 Nd7 9. 0-0-0 Re8 10. Bd3 c6 11. h4 d5 12. c4 Nf6 13. cxd5 Qxd5 14. Kb1 Bg4 15. c4 Qh5 16. Qc2 h6 17. Rdf1 Bc5 18. Bxc5 Qxc5 19. Nh2 Rad8 20. f3 Be6 21. g4 Rd4 22. b3 Red8 23. Rd1 Qd6 24. Be2 Qf4 25. Rxd4 Rxd4 26. Rd1 Rxd1+ 27. Qxd1 Bf5+ 28. gxf5 Qxh2 29. Qe1 Qe5 30. Qd2 Qxf5+ 31. Kc1 Qe5 32. Kb1 g6 33. f4 Qe4+ 34. Kb2 h5 35. Bd3 Qd4+ 36. Kb1 Kg7 37. f5 Ne4 38. Qc2 gxf5 39. a3 Kf6 40. b4 Ke5 41. Ka2 f4 42. Kb3 f5 43. Bxe4 fxe4 44. Qg2 Qe3+ 45. Kb2 Qg3 46. Qd2 f3 47. Qd8 Qg7 48. Kb3 f2 49. Qd2 Qg3+ 0-1

[Event "IND-chT 36th"]
[Site "Bhubaneswar"]
[Date "2016.02.11"]
[Round "6"]
[White "Lokesh, N."]
[Black "Sundararajan, Kidambi"]
[Result "1/2-1/2"]
[WhiteElo "2260"]
[BlackElo "2504"]
[PlyCount "98"]
[EventDate "2016.02.08"]
[EventType "team-swiss"]
[EventRounds "9"]
[EventCountry "IND"]
[SourceTitle "CBM 170 Extra"]
[Source "ChessBase"]
[SourceDate "2016.02.25"]
[SourceVersion "1"]
[SourceVersionDate "2016.02.25"]
[SourceQuality "1"]
[WhiteTeam "Tamil Nadu"]
[BlackTeam "Petroleum Sports"]
[WhiteTeamCountry "IND"]
[BlackTeamCountry "IND"]

1. e4 c5 2. Nf3 e6 3. d4 cxd4 4. Nxd4 Nc6 5. Nc3 d6 6. Be2 Nf6 7. 0-0 Be7 8. Be3 Bd7 9. f4 Nxd4 10. Qxd4 Bc6 11. Rad1 0-0 12. f5 e5 13. Qd3 b5 14. Nd5 Bxd5 15. exd5 b4 16. c4 Nd7 17. a3 a5 18. axb4 axb4 19. Ra1 Bg5 20. Bf2 Qc7 21. Qb3 Qb7 22. Ra4 Bd2 23. Rd1 Bg5 24. Qxb4 Qc7 25. Qb5 Nc5 26. Rxa8 Rxa8 27. Qc6 Qb8 28. Bxc5 dxc5 29. Qxc5 Qxb2 30. Bf3 h6 31. d6 Ra1 32. Qd5 Be3+ 33. Kh1 Bd4 34. d7 Rxd1+ 35. Bxd1 Qf2 36. d8Q+ Kh7 37. Qxd4 exd4 38. h3 Qf1+ 39. Kh2 Qxd1 40. c5 d3 41. c6 d2 42. c7 Qc2 43. c8Q Qxc8 44. Qxc8 d1Q 45. Qc7 Qd5 46. Qf4 Qd3 47. Qe5 Qc4 48. Kg3 Qd3+ 49. Kh2 Qc4 1/2-1/2

[Event "Kolkata GM op 2nd"]
[Site "Kolkata"]
[Date "2015.03.18"]
[Round "3"]
[White "Lokesh, N."]
[Black "Himanshu, Sharma"]
[Result "0-1"]
[WhiteElo "2120"]
[BlackElo "2432"]
[PlyCount "86"]
[EventDate "2015.03.16"]
[EventType "swiss"]
[EventRounds "9"]
[EventCountry "IND"]
[SourceTitle "CBM 165 Extra"]
[Source "ChessBase"]
[SourceDate "2015.04.21"]
[SourceVersion "1"]
[SourceVersionDate "2015.04.21"]
[SourceQuality "1"]

1. e4 c5 2. Nf3 e6 3. d4 cxd4 4. Nxd4 Nc6 5. Nc3 Qc7 6. Be2 a6 7. 0-0 Nf6 8. Kh1 Bb4 9. f4 Bxc3 10. bxc3 Nxe4 11. Bd3 d5 12. Bxe4 dxe4 13. Nxc6 Qxc6 14. Ba3 Bd7 15. Qd4 Qd5 16. Qb4 0-0-0 17. Rfd1 Qb5 18. Qxe4 Bc6 19. Qe5 Bd5 20. Kg1 Qc6 21. Rd2 f6 22. Qe3 Kb8 23. Bc5 Rc8 24. Bd4 Rhg8 25. a4 Ka8 26. Re1 g5 27. f5 exf5 28. Bxf6 Bxg2 29. Rxg2 Qxf6 30. Qe5 Qb6+ 31. Qd4 Qc7 32. Re5 Rgd8 33. Rd5 Rxd5 34. Qxd5 Qf4 35. Rf2 Qg4+ 36. Rg2 Qxa4 37. Rxg5 Qa1+ 38. Kg2 Qxc3 39. Rxf5 Qxc2+ 40. Kg3 Qc6 41. Qf7 Qd6+ 42. Kg2 Rc2+ 43. Rf2 Qg6+ 0-1

[Event "Keshabananda Das Memorial 3rd"]
[Site "Bhubaneswar"]
[Date "2014.08.24"]
[Round "10"]
[White "Nitin, Senthilvel"]
[Black "Lokesh, N."]
[Result "1-0"]
[WhiteElo "2344"]
[BlackElo "2103"]
[PlyCount "86"]
[EventDate "2014.08.18"]
[EventType "swiss"]
[EventRounds "10"]
[EventCountry "IND"]
[SourceTitle "CBM 162 Extra"]
[Source "ChessBase"]
[SourceDate "2014.10.17"]
[SourceVersion "1"]
[SourceVersionDate "2014.10.17"]
[SourceQuality "1"]

1. e4 e5 2. Nf3 Nf6 3. Nc3 Nc6 4. d4 exd4 5. Nxd4 Bb4 6. Nxc6 bxc6 7. Bd3 d5 8. exd5 cxd5 9. 0-0 0-0 10. h3 h6 11. Qf3 Be6 12. Ne2 Bd6 13. Bf4 c5 14. Rad1 Rb8 15. b3 Re8 16. c4 d4 17. Rfe1 Bxf4 18. Nxf4 Bd7 19. Nd5 Nxd5 20. Qxd5 Qc7 21. Re4 Qc6 22. Rc1 Kf8 23. Rf4 Qxd5 24. cxd5 g5 25. Rf3 Rec8 26. Bg6 Be8 27. Bf5 Rd8 28. Rxc5 Rb5 29. Rc7 Rdxd5 30. Be6 Rbc5 31. Rxa7 d3 32. Bxf7 Rf5 33. Rxf5 Rxf5 34. Bxe8 Kxe8 35. Ra4 Rd5 36. Re4+ Kd7 37. Re1 Kd6 38. f3 Rc5 39. Rd1 Rc3 40. Kf2 Rc2+ 41. Ke3 Rxa2 42. Rxd3+ Ke5 43. g4 Rh2 1-0

[Event "Keshabananda Das Memorial 3rd"]
[Site "Bhubaneswar"]
[Date "2014.08.23"]
[Round "9"]
[White "Neelotpal, Das"]
[Black "Lokesh, N."]
[Result "1-0"]
[WhiteElo "2428"]
[BlackElo "2103"]
[PlyCount "53"]
[EventDate "2014.08.18"]
[EventType "swiss"]
[EventRounds "10"]
[EventCountry "IND"]
[SourceTitle "CBM 162 Extra"]
[Source "ChessBase"]
[SourceDate "2014.10.17"]
[SourceVersion "1"]
[SourceVersionDate "2014.10.17"]
[SourceQuality "1"]

1. e4 e5 2. Bc4 Nf6 3. d3 d5 4. exd5 Nxd5 5. Nf3 Nc6 6. 0-0 Bg4 7. h3 Bh5 8. Re1 Qd6 9. Nbd2 0-0-0 10. Ne4 Qg6 11. g4 Bxg4 12. hxg4 Qxg4+ 13. Kh1 f5 14. Ng3 Qh3+ 15. Nh2 Bc5 16. Bxd5 Bxf2 17. Be6+ Kb8 18. Bxf5 Qxg3 19. Rf1 Rhf8 20. Be4 Bc5 21. Bd2 Rxf1+ 22. Qxf1 Rf8 23. Qg2 Qxg2+ 24. Bxg2 Nd4 25. Ng4 Ne2 26. Re1 Ng3+ 27. Kh2 1-0

[Event "Keshabananda Das Memorial 3rd"]
[Site "Bhubaneswar"]
[Date "2014.08.21"]
[Round "7"]
[White "Lokesh, N."]
[Black "Kathmale, Sameer"]
[Result "1/2-1/2"]
[WhiteElo "2103"]
[BlackElo "2311"]
[PlyCount "42"]
[EventDate "2014.08.18"]
[EventType "swiss"]
[EventRounds "10"]
[EventCountry "IND"]
[SourceTitle "CBM 162 Extra"]
[Source "ChessBase"]
[SourceDate "2014.10.17"]
[SourceVersion "1"]
[SourceVersionDate "2014.10.17"]
[SourceQuality "1"]

1. e4 c6 2. d4 d5 3. Nc3 dxe4 4. Nxe4 Bf5 5. Ng3 Bg6 6. h4 h6 7. Nf3 Nd7 8. h5 Bh7 9. Bd3 Bxd3 10. Qxd3 e6 11. Bd2 Ngf6 12. 0-0-0 Be7 13. Kb1 0-0 14. Ne4 Nxe4 15. Qxe4 Nf6 16. Qe2 Qd5 17. Ne5 Qe4 18. Qxe4 Nxe4 19. Be1 Rfd8 20. f3 Nf6 21. Bh4 Kf8 1/2-1/2

[Event "IND-ch U17 20th"]
[Site "Chakradharpur"]
[Date "2009.10.08"]
[Round "3"]
[White "Anwesh, Upadhyaya"]
[Black "Lokesh, N."]
[Result "1-0"]
[WhiteElo "2339"]
[BlackElo "2068"]
[PlyCount "49"]
[EventDate "2009.10.07"]
[EventType "swiss"]
[EventRounds "11"]
[EventCountry "IND"]
[SourceTitle "CBM 132 Extra"]
[Source "ChessBase"]
[SourceDate "2009.11.03"]
[SourceVersion "1"]
[SourceVersionDate "2009.11.03"]
[SourceQuality "1"]

1. e4 e5 2. Nf3 Nf6 3. Nxe5 d6 4. Nf3 Nxe4 5. Nc3 Nf6 6. d4 c6 7. Bg5 Be7 8. Qd2 Be6 9. Bd3 h6 10. Bh4 Nbd7 11. h3 Qa5 12. a3 Nb6 13. b4 Qh5 14. 0-0-0 g5 15. g4 Nxg4 16. hxg4 Qxg4 17. Qe3 gxh4 18. Rdg1 Qh5 19. Nxh4 Bxh4 20. Be2 Bxf2 21. Qxf2 Qf5 22. Qh4 Kd7 23. Bd3 Qf3 24. Rg3 Qf2 25. Ne4 1-0

[Event "IND-ch U17 20th"]
[Site "Chakradharpur"]
[Date "2009.10.08"]
[Round "2"]
[White "Lokesh, N."]
[Black "Priyadharshan, Kannappan"]
[Result "1-0"]
[WhiteElo "2068"]
[BlackElo "2379"]
[PlyCount "125"]
[EventDate "2009.10.07"]
[EventType "swiss"]
[EventRounds "11"]
[EventCountry "IND"]
[SourceTitle "CBM 132 Extra"]
[Source "ChessBase"]
[SourceDate "2009.11.03"]
[SourceVersion "1"]
[SourceVersionDate "2009.11.03"]
[SourceQuality "1"]

1. e4 c5 2. Nf3 Nc6 3. d3 e6 4. c3 d5 5. Qe2 Nf6 6. g3 b6 7. Bg2 Bb7 8. e5 Nd7 9. Bf4 Be7 10. h4 h6 11. Na3 a6 12. Nc2 Qc7 13. Ne3 0-0-0 14. 0-0-0 d4 15. Nc2 dxc3 16. bxc3 b5 17. Kb1 Nb6 18. Na1 Kb8 19. h5 Ka8 20. Nd2 b4 21. cxb4 Nd4 22. Qf1 Nd5 23. Rc1 Qb6 24. Nab3 Qxb4 25. Rc4 Qb5 26. Be3 Nb6 27. Bxb7+ Kxb7 28. Qg2+ Kb8 29. Bxd4 Rxd4 30. Rxd4 cxd4 31. Qe4 Rd8 32. Nf3 Na4 33. Nfxd4 Nc3+ 34. Kc2 Nxe4 35. Nxb5 Nxf2 36. Rf1 Nxd3 37. Rxf7 Bf8 38. Nc7 Nxe5 39. Nxa6+ Ka8 40. Rc7 Ng4 41. Na5 Ne3+ 42. Kb3 Nd5 43. Nc6 Rb8+ 44. Ncxb8 Nxc7 45. Nxc7+ Kxb8 46. Nxe6 Bd6 47. g4 Be5 48. Kc4 Kb7 49. Kd5 Bf6 50. Nf8 Kc7 51. Ke6 Bc3 52. Kf7 Kd6 53. Ne6 Ke5 54. Nxg7 Kf4 55. Kg6 Kxg4 56. Kxh6 Kf3 57. Kg6 Bd2 58. h6 Bxh6 59. Kxh6 Ke4 60. Ne6 Kd5 61. Nf4+ Kc4 62. Ne2 Kb4 63. Nc1 1-0

[Event "Tamil Nadu State-ch 54th"]
[Site "Chennai"]
[Date "2006.05.29"]
[Round "10"]
[White "Arun, Karthik R"]
[Black "Lokesh, N."]
[Result "1-0"]
[WhiteElo "2196"]
[BlackElo "2041"]
[PlyCount "61"]
[EventDate "2006.05.20"]
[EventType "swiss"]
[EventRounds "11"]
[EventCountry "IND"]
[SourceTitle "EXT 2010"]
[Source "ChessBase"]
[SourceDate "2010.11.25"]
[SourceVersion "1"]
[SourceVersionDate "2010.11.25"]
[SourceQuality "1"]

1. e4 e5 2. Nf3 Nf6 3. d4 Nxe4 4. Bd3 d5 5. Nxe5 Bd6 6. 0-0 0-0 7. c4 Nc6 8. cxd5 Nxd4 9. f4 Nf6 10. Bxh7+ Kxh7 11. Qxd4 Bxe5 12. fxe5 Nxd5 13. Nc3 Be6 14. Ne4 Qd7 15. Ng5+ Kg8 16. Qd3 g6 17. Ne4 Bf5 18. Qxd5 Qxd5 19. Nf6+ Kg7 20. Nxd5 c6 21. Nc3 Rfe8 22. Re1 Rad8 23. Bg5 Rd7 24. Rad1 Rxd1 25. Bf6+ Kg8 26. Rxd1 Bg4 27. Rd8 Rxd8 28. Bxd8 Be6 29. Kf2 b5 30. a3 Kf8 31. Ke3 1-0